The global agenda : (Record no. 2724)
[ view plain ]
| 000 -LEADER | |
|---|---|
| fixed length control field | 00696cam a2200217 a 4500 |
| 001 - CONTROL NUMBER | |
| control field | 3015494 |
| 005 - DATE AND TIME OF LATEST TRANSACTION | |
| control field | 20250120132925.0 |
| 008 - FIXED-LENGTH DATA ELEMENTS--GENERAL INFORMATION | |
| fixed length control field | 940719s1995 nyub b 001 0 eng |
| 020 ## - INTERNATIONAL STANDARD BOOK NUMBER | |
| International Standard Book Number | 0070340439 (acidfree paper) |
| 050 00 - LIBRARY OF CONGRESS CALL NUMBER | |
| Classification number | JX1395 |
| Item number | .G575 1995 |
| 082 00 - DEWEY DECIMAL CLASSIFICATION NUMBER | |
| Classification number | 327.1/01 |
| Edition information | 21 |
| 245 04 - TITLE STATEMENT | |
| Title | The global agenda : |
| Remainder of title | issues and perspectives / |
| Statement of responsibility, etc. | edited by Charles W. Kegley, Jr., Eugene R. Wittkopf. |
| 250 ## - EDITION STATEMENT | |
| Edition statement | 4th ed. |
| 260 ## - PUBLICATION, DISTRIBUTION, ETC. | |
| Place of publication, distribution, etc. | New York : |
| Name of publisher, distributor, etc. | McGraw-Hill, |
| Date of publication, distribution, etc. | c1995. |
| 300 ## - PHYSICAL DESCRIPTION | |
| Extent | x, 454 p. : |
| Other physical details | 1 map ; |
| Dimensions | 23 cm. |
| 650 #0 - SUBJECT ADDED ENTRY--TOPICAL TERM | |
| Topical term or geographic name entry element | International relations. |
| 650 #0 - SUBJECT ADDED ENTRY--TOPICAL TERM | |
| Topical term or geographic name entry element | International economic relations. |
| 700 1# - ADDED ENTRY--PERSONAL NAME | |
| Personal name | Kegley, Charles W. |
| 700 1# - ADDED ENTRY--PERSONAL NAME | |
| Personal name | Wittkopf, Eugene R., |
| Dates associated with a name | 1943- |
| 942 ## - ADDED ENTRY ELEMENTS (KOHA) | |
| Source of classification or shelving scheme | Library of Congress Classification |
| Koha item type | Books |
| Suppress in OPAC | No |
| 999 ## - | |
| -- | 2724 |
| -- | 2724 |
| Withdrawn status | Lost status | Source of classification or shelving scheme | Damaged status | Not for loan | Collection | Home library | Current library | Shelving location | Date acquired | Total checkouts | Full call number | Barcode | Date last seen | Copy number | Price effective from | Koha item type |
|---|---|---|---|---|---|---|---|---|---|---|---|---|---|---|---|---|
| Library of Congress Classification | Non-fiction | Undergraduate Library (Christ Temple) | Undergraduate Library (Christ Temple) | General stacks | 01/20/2025 | JX1395 GLO | ulct00000837 | 01/20/2025 | 1 | 01/20/2025 | Books |